00438nam a22001577a 450000500170000000800410001704000070005804100120006508200180007710000160009524500700011126000390018130000250022065000170024570000180026220221108115531.0221108b ||||| |||| 00| 0 eng d cAL aEnglish 223a909bKARW aK S Karanth aWhither Modern Civilisation?whither India? a socialist Hypothesis aBombaybParivartan Prakashanc1983 a24 p.bPBc21x13 cm. aCivilisation aKARANTH (K S)